Carregando...
Introduction to the study of islamic law
| Autor principal: | |
|---|---|
| Formato: | Printed Book |
| Publicado em: |
Adam publishers, New Delhi
2005
|
| Assuntos: |
| LEADER | 00476nam a2200157 4500 | ||
|---|---|---|---|
| 082 | |a 297.14 HAS | ||
| 100 | |a Hassan, Hamid H | ||
| 245 | |a Introduction to the study of islamic law |c Hassan, Hamid H | ||
| 250 | |||
| 260 | |a Adam publishers, New Delhi |c 2005 | ||
| 300 | |a 496 P | ||
| 490 | |||
| 650 | |a Jurisprudence--Islamic law | ||
| 942 | |c BK | ||
| 999 | |c 188378 |d 188378 | ||
| 952 | |0 0 |1 0 |4 0 |6 297_140000000000000_HAS |7 0 |9 201727 |a ISL |b ISL |l 0 |o 297.14 HAS |p ISL02719 |r 2019-10-28 |w 2019-10-28 |y BK | ||